| 000 | 00649nmc a2200241 a 4500 | ||
|---|---|---|---|
| 003 | AR-BaBNM | ||
| 005 | 20251128210816.0 | ||
| 008 | 211020s1994 ||||||||||||||000 | spa|| | ||
| 020 | _a950-765-016-4 | ||
| 040 | _cAR-BaBNM | ||
| 100 | 1 | _aFeldman, David | |
| 245 | 1 | 0 | _aMisterios de la vida cotidiana |
| 260 |
_aBuenos Aires _bEdiciones de mente _c1994 |
||
| 300 |
_a64 p. _bil. |
||
| 490 | 0 | _aPensamiento lateral | |
| 650 | 4 | _aPROCESO DE APRENDIZAJE | |
| 650 | 4 | _aSOLUCION DE PROBLEMAS | |
| 650 | 4 | _aACTIVIDADES DE APRENDIZAJE | |
| 650 | 4 | _aCONCEPTOS CIENTIFICOS | |
| 700 | 1 |
_aSchwan, Kas _eilustrador |
|
| 942 | _cBK | ||
| 998 | _cRAQUEL | ||
| 999 |
_c17008 _d17008 |
||